Państwa bez liter M,I,Ł,O,Ś,Ć - Statystyki

Ogólne statystyki
  • Ten quiz został rozwiązany 26 razy
  • Średni wynik to 14 z 40
Statystyki odpowiedzi
Państwa % Poprawnych
Czechy
74%
Grecja
68%
Cypr
63%
Francja
63%
Kanada
58%
Peru
58%
Węgry
58%
Turcja
53%
Watykan
53%
Ghana
47%
Szwecja
47%
Wenezuela
47%
Argentyna
42%
Gujana
42%
Katar
42%
Kuwejt
42%
Nauru
42%
Bahrajn
37%
Bhutan
37%
Gruzja
37%
Kuba
37%
Palau
37%
Paragwaj
37%
Senegal
32%
Tuvalu
32%
Urugwaj
32%
Vanuatu
32%
Bangladesz
21%
Czad
21%
Erytrea
21%
Tunezja
21%
Azerbejdżan
16%
Kazachstan
16%
Nepal
16%
Seszele
16%
Tajwan
16%
Grenada
11%
Uganda
11%
Rwanda
5%
Sudan
5%
Nie znaleziono quizów pasujących do podanych kryteriów
Rozkład punktacji
Procent ludzi z każdym wynikiem
Percentyl według liczby udzielonych odpowiedzi
Twoja historia wyników
Nie rozwiązałeś tego quizu